[Event "CZE-chT2A 1617"]
[Site "Czech Republic"]
[Date "2017.04.02"]
[Round "11.7"]
[White "Volek, Radomir"]
[Black "Smid, Radek"]
[Result "1-0"]
[WhiteElo "2095"]
[BlackElo "1896"]
[PlyCount "75"]
[EventDate "2016.10.09"]
[EventType "team-tourn"]
[EventRounds "11"]
[EventCountry "CZE"]
[SourceTitle "EXT 2022"]
[Source "ChessBase"]
[SourceDate "2021.10.06"]
[SourceVersion "1"]
[SourceVersionDate "2021.10.06"]
[SourceQuality "1"]
[WhiteTeam "Podborany"]
[BlackTeam "Karlovy Vary Tietz II"]
[WhiteTeamCountry "CZE"]
[BlackTeamCountry "CZE"]

1. e4 d6 2. d4 g6 3. Nf3 Bg7 4. h3 c6 5. Be3 Nf6 6. Nc3 e6 7. Qd2 d5 8. e5 Nfd7 9. Bh6 0-0 10. h4 Qe7 11. Bxg7 Kxg7 12. h5 Rh8 13. hxg6 fxg6 14. Qh6+ Kg8 15. Bd3 Nf8 16. Nh2 Qg7 17. Qg5 Nbd7 18. Ng4 h5 19. Ne3 Rh6 20. Ne2 c5 21. c3 c4 22. Bc2 Nh7 23. Qd8+ Ndf8 24. 0-0-0 b6 25. f4 Bb7 26. Qh4 g5 27. fxg5 Qxg5 28. Qxg5+ Nxg5 29. Ng4 Rh8 30. Nf6+ Kf7 31. Rdf1 Ke7 32. Rh4 Bc6 33. g4 a5 34. gxh5 Kd8 35. h6 Be8 36. Rg4 Nfh7 37. Nxh7 Nxh7 38. Rg7 1-0

[Event "CZE-chT2A 1617"]
[Site "Czech Republic"]
[Date "2017.02.26"]
[Round "9.7"]
[White "Hajek, Jiri2222"]
[Black "Smid, Radek"]
[Result "1-0"]
[WhiteElo "2002"]
[BlackElo "1896"]
[PlyCount "79"]
[EventDate "2016.10.09"]
[EventType "team-tourn"]
[EventRounds "11"]
[EventCountry "CZE"]
[SourceTitle "EXT 2022"]
[Source "ChessBase"]
[SourceDate "2021.10.06"]
[SourceVersion "1"]
[SourceVersionDate "2021.10.06"]
[SourceQuality "1"]
[WhiteTeam "Domazlice"]
[BlackTeam "Karlovy Vary Tietz II"]
[WhiteTeamCountry "CZE"]
[BlackTeamCountry "CZE"]

1. e4 d6 2. d4 g6 3. Be3 Bg7 4. Be2 e5 5. Nc3 exd4 6. Bxd4 Nf6 7. Nf3 Nc6 8. Be3 Be6 9. Qd2 Ng4 10. Bg5 f6 11. Bf4 Qd7 12. h3 Nge5 13. Nd5 Nxf3+ 14. Bxf3 Ne5 15. Be2 f5 16. exf5 Bxf5 17. Bg5 0-0 18. Ne7+ Kh8 19. Nxf5 Qxf5 20. 0-0 Nf7 21. Be3 b6 22. c3 Rad8 23. Bg4 Qb5 24. a4 Qc6 25. Bf3 Qd7 26. a5 Ne5 27. Be2 Qc6 28. axb6 axb6 29. Bd4 Qe8 30. f4 Nd7 31. Bxg7+ Kxg7 32. Ra7 Rc8 33. Bc4 Rf6 34. Re1 Qd8 35. Qe3 Kf8 36. g4 Nc5 37. b4 Nd7 38. g5 Rf5 39. Be6 Rb5 40. Qd4 1-0

[Event "CZE-chT2A 1617"]
[Site "Czech Republic"]
[Date "2017.02.12"]
[Round "8.7"]
[White "Smid, Radek"]
[Black "Soutner, Jaroslav"]
[Result "1-0"]
[WhiteElo "1896"]
[BlackElo "1753"]
[PlyCount "55"]
[EventDate "2016.10.09"]
[EventType "team-tourn"]
[EventRounds "11"]
[EventCountry "CZE"]
[SourceTitle "EXT 2022"]
[Source "ChessBase"]
[SourceDate "2021.10.06"]
[SourceVersion "1"]
[SourceVersionDate "2021.10.06"]
[SourceQuality "1"]
[WhiteTeam "Karlovy Vary Tietz II"]
[BlackTeam "Plzen Kosutka"]
[WhiteTeamCountry "CZE"]
[BlackTeamCountry "CZE"]

1. c4 e5 2. Nc3 Nf6 3. g3 Bb4 4. Bg2 d6 5. Qa4+ Nc6 6. Bxc6+ bxc6 7. Qxb4 c5 8. Qb3 Bd7 9. Nd5 Nxd5 10. cxd5 h5 11. e4 h4 12. Qe3 hxg3 13. fxg3 g5 14. d3 f6 15. Qf2 Ke7 16. Nf3 Qg8 17. h4 gxh4 18. Rxh4 Qg7 19. Be3 Bb5 20. 0-0-0 c4 21. d4 Qg6 22. dxe5 fxe5 23. Bg5+ Kd7 24. Qe3 Rxh4 25. Nxh4 Qf7 26. Qe2 Rf8 27. Qg4+ Ke8 28. Qc8# 1-0

[Event "Teplice op 10th"]
[Site "Teplice"]
[Date "2015.06.20"]
[Round "8"]
[White "Vrchotka, Josef"]
[Black "Smid, Radek"]
[Result "1-0"]
[WhiteElo "2074"]
[BlackElo "1822"]
[PlyCount "61"]
[EventDate "2015.06.13"]
[EventType "swiss"]
[EventRounds "9"]
[EventCountry "CZE"]
[SourceTitle "EXT 2017"]
[Source "ChessBase"]
[SourceDate "2016.10.25"]
[SourceVersion "1"]
[SourceVersionDate "2016.10.25"]
[SourceQuality "1"]

1. e4 c6 2. d4 d5 3. e5 Bf5 4. Nf3 e6 5. Be2 Nd7 6. 0-0 c5 7. c4 cxd4 8. Nxd4 Bxb1 9. Rxb1 dxc4 10. Bxc4 Qb6 11. Be3 Bc5 12. b4 Bxd4 13. Bxd4 Qd8 14. Qg4 g6 15. Rfd1 Ne7 16. Bc5 a6 17. b5 h5 18. Qe4 Qc8 19. Bxe7 Kxe7 20. bxa6 bxa6 21. Qd4 Rd8 22. Qd6+ Ke8 23. Bxe6 fxe6 24. Qxe6+ Kf8 25. Rbc1 Qb7 26. Qd6+ Kg7 27. Rc7 Qb5 28. e6 Kh6 29. Rxd7 Rdc8 30. Qf4+ Qg5 31. Rh7+ 1-0

[Event "Teplice op 10th"]
[Site "Teplice"]
[Date "2015.06.18"]
[Round "6"]
[White "Purkyt, Jaroslav"]
[Black "Smid, Radek"]
[Result "0-1"]
[WhiteElo "1736"]
[BlackElo "1822"]
[PlyCount "56"]
[EventDate "2015.06.13"]
[EventType "swiss"]
[EventRounds "9"]
[EventCountry "CZE"]
[SourceTitle "EXT 2017"]
[Source "ChessBase"]
[SourceDate "2016.10.25"]
[SourceVersion "1"]
[SourceVersionDate "2016.10.25"]
[SourceQuality "1"]

1. e4 c6 2. Nf3 d5 3. exd5 cxd5 4. d4 Nf6 5. Bd3 g6 6. 0-0 Bg7 7. b3 0-0 8. Bb2 Nc6 9. a3 Qc7 10. Ne5 Nxe5 11. dxe5 Ng4 12. Nc3 Qxe5 13. g3 Qh5 14. h4 Be6 15. Kg2 d4 16. Ne4 Bd5 17. Kh3 Be6 18. Kg2 Qd5 19. Qf3 Ne5 20. Qf4 f5 21. Bc4 Nxc4 22. bxc4 Qxe4+ 23. Qxe4 fxe4 24. Rfe1 Bxc4 25. Red1 d3 26. Bxg7 Kxg7 27. cxd3 exd3 28. Rab1 b5 0-1

[Event "CZE-chT2A 1213"]
[Site "Czech Republic"]
[Date "2013.02.17"]
[Round "9.4"]
[White "Smid, Radek"]
[Black "Janocko, Petr"]
[Result "0-1"]
[WhiteElo "1623"]
[BlackElo "2090"]
[PlyCount "106"]
[EventDate "2012.10.14"]
[EventType "team-tourn"]
[EventRounds "11"]
[EventCountry "CZE"]
[SourceTitle "EXT 2015"]
[Source "ChessBase"]
[SourceDate "2014.11.20"]
[SourceVersion "1"]
[SourceVersionDate "2014.11.20"]
[SourceQuality "1"]
[WhiteTeam "Karlovy Vary II"]
[BlackTeam "Plzen Letna"]
[WhiteTeamCountry "CZE"]
[BlackTeamCountry "CZE"]

1. c4 Nf6 2. Nf3 c6 3. d4 d5 4. e3 g6 5. Nc3 Bg7 6. cxd5 cxd5 7. Bd3 0-0 8. 0-0 Nc6 9. a3 Bg4 10. Be2 Rc8 11. Bd2 Bf5 12. Nh4 Bd7 13. f4 Ne4 14. Nf3 Nxd2 15. Qxd2 Na5 16. Rae1 Bf5 17. h3 Nc4 18. Bxc4 Rxc4 19. g4 Be4 20. Ne5 Bxe5 21. fxe5 e6 22. Nxe4 dxe4 23. Rf6 Qc7 24. Ref1 Rc2 25. Qb4 a5 26. Qb3 Rd2 27. Rd1 Re2 28. Rf2 Rxf2 29. Kxf2 Qe7 30. Kg3 h5 31. Rf1 hxg4 32. hxg4 Kg7 33. Qc2 Rh8 34. Rf6 Rh1 35. Qxe4 Rg1+ 36. Kf2 Rc1 37. g5 Qc7 38. Kg3 Rg1+ 39. Kf4 a4 40. Qf3 Kg8 41. Qf2 Qc1 42. Qe2 Re1 43. Qd3 Qxb2 44. Rxg6+ Kf8 45. Rf6 Qf2+ 46. Ke4 Qg2+ 47. Rf3 Qxg5 48. Qd2 Qg6+ 49. Kf4 Qf5+ 50. Kg3 Qg5+ 51. Kh2 Qh5+ 52. Kg2 Qh1+ 53. Kg3 Rg1+ 0-1